Normal view
MARC view
Entry Personal Name
001 - CONTROL NUMBER
- control field: 9970
003 - CONTROL NUMBER IDENTIFIER
- control field: BD-RjUL
005 - DATE AND TIME OF LATEST TRANSACTION
- control field: 20231108112922.0
008 - FIXED-LENGTH DATA ELEMENTS
- fixed length control field: 231108|| aca||aabn | a|a d
040 ## - CATALOGING SOURCE
- Original cataloging agency: BD-RjUL
- Transcribing agency: BD-RjUL
100 ## - HEADING--PERSONAL NAME
- Personal name: Dutta, Ripon Kumar
670 ## - SOURCE DATA FOUND
- Source citation: Work cat.: (BD-RjUL)82263: Dutta, Ripon Kumar, Productivity, Management Practices And Disease Incidences of The Indigenous, Exotic And Crossbred Chickens Under Smallholders' Conditions in Rajshahi ,Bangladesh /, 2014